| 000 | 02186nam a22004217a 4500 | ||
|---|---|---|---|
| 001 | BRCA_9207 | ||
| 003 | FranzMayer | ||
| 005 | 20220809135057.0 | ||
| 008 | 220718b |||||||| |||| 00| 0 eng d | ||
| 020 | _a9786076056097 | ||
| 040 |
_bspa _cMFM |
||
| 041 | _aspa | ||
| 050 | 0 | 0 |
_aN910.M4.A6 _bT47 2019 |
| 245 | 0 | 0 |
_aTerritorios de la memoria : _b1985-2019 / _cKitula Hernández, coordinación editorial y diseño ; José Manuel Springer, investigación y texto. |
| 264 | 1 |
_aCiudad de México : _bInstituto Nacional de Bellas Artes, Museo de Arte Moderno, _c2019. |
|
| 300 |
_a103 p. : _bil., fot. ; _c20 x 25 cm. + _eFolleto (14.5 x 19 cm.) |
||
| 490 | 1 | _aMuseos y galerías | |
| 500 | _aUbicación: L59-N5 | ||
| 500 | _aCatálogo publicado con motivo de la exposición "Territorios de la memoria. 1985-2019" realizada en el Museo de Arte Moderno de la Ciudad de México (6 de junio al 22 de septiembre de 2019). | ||
| 500 | _aIncluye imágenes de la Colección Franz Mayer (p. 35) | ||
| 500 | _aIncluye folleto "Territorios de la memoria. 1985-2019", guía de la exposición. | ||
| 504 | _aBibliografía: p. 83 | ||
| 505 | 2 |
_tCuatro territorios de la memoria / _rJosé Manuel Springer |
|
| 505 | 2 | _tLa imagen dialógica | |
| 505 | 2 | _tHistoria y memoria | |
| 505 | 2 | _tTerritorios violentados | |
| 505 | 2 | _tLa nación migra | |
| 505 | 2 | _tEl duelo y lo que vendrá. | |
| 520 |
_aExposición colectiva curada por José Manuel Springer, que reúne más de noventa obras de diferentes artistas multidisciplinarios. La muestra explora y denuncia la cruda realidad que ha golpeado el entorno social en las últimas tres décadas a partir de una narración en cuatro territorios temáticos. _c- Lucina Jiménez, Directora general del Instituto Nacional de Bellas Artes y Literatura |
||
| 650 | 0 |
_aArte _ySiglo XX _vExposiciones _zMéxico _928461 |
|
| 650 | 0 |
_aArte _ySiglo XXI _vExposiciones _zMéxico _928462 |
|
| 650 | 0 |
_aFotografía artística _vExposiciones |
|
| 650 | 0 |
_aArt and society _zMéxico _vExposiciones _928463 |
|
| 651 | 0 |
_aMéxico _vEn el arte _vExposiciones _928464 |
|
| 830 | 0 |
_aMuseos y galerías. _9239 |
|
| 942 |
_2lcc _cB |
||
| 999 |
_c10826 _d10826 |
||